Xây dựng chương trình học : Hướng dẫn thực hành = Curriculum development : a guide to practice /

Shranjeno v:
Bibliografske podrobnosti
Glavni avtor: Wiles, Jon.
Drugi avtorji: Bondi, Joseph., Nguyễn Kim Dung, TS (dịch.)
Format: Sách giấy
Jezik:Vietnamese
Izdano: H. : Giáo dục, 2005.
Teme:
Oznake: Označite
Brez oznak, prvi označite!
Thư viện lưu trữ: Thư viện Trường Đại học Đà Lạt
LEADER 00983nam a2200337 4500
001 DLU060057562
005 ##20061213
040 # # |a DLU  |b vie 
041 # # |a vie 
044 # # |a vn 
082 # # |a 375.001  |b WI-J 
100 # # |a Wiles, Jon. 
245 # # |a Xây dựng chương trình học : Hướng dẫn thực hành =  |b Curriculum development : a guide to practice /  |c Jon Wiles, Joseph Bondi; Nguyễn Kim Dung dịch. 
246 # # |a Curriculum development :  |b a guide to practice 
260 # # |a H. :  |b Giáo dục,  |c 2005. 
300 # # |a 465 tr. ;  |c 24 cm. 
653 # # |a Chương trình mẫu 
653 # # |a Giáo dục học hiện đại 
653 # # |a Phương pháp sư phạm 
700 # # |a Bondi, Joseph. 
700 # # |a Nguyễn Kim Dung,  |c TS,  |e dịch. 
923 # # |a 23/2006 
992 # # |a 63000 
994 # # |a DLU 
900 # # |a True 
911 # # |a Đào Thị Thu Huyền 
925 # # |a G 
926 # # |a A 
927 # # |a SH 
980 # # |a Thư viện Trường Đại học Đà Lạt